00663cam a22002171 450000100060000000300080000600500170001400800410003102000150007203500190008703500200010604000370012604100080016308200220017110000470019324500770024026000500031730000330036750400200040065000250042010510BD-RjUL20211208234952.0140123s1973 ii a 001 0 eng d a0210225300 a(BD-RjUL)10558 a(OCoLC)10451980 aDLCcMnUdCoUdDLCdBD-RjULbeng aeng04a543.082bJAP 19731 aJanardhan, Pandarinath Bhuvanendra,d1921-10aPhysico-chemical techniques of analysiscby P. B. Janardhan.nVOLUME TWO aBombay :aNew York :bAsia Pub. House,c1973. a357-845 p. :billus.c25 cm. aIncludes index. 0aChemistry, Analytic.